Những thủ thuật xử lý ảnh Adobe Photoshop CS version 8.0

Đã lưu trong:
书目详细资料
格式: 图书
语言:Undetermined
出版: Thành phố Hồ Chí Minh Thanh niên 2004
主题:
标签: 添加标签
没有标签, 成为第一个标记此记录!
Thư viện lưu trữ: Trung tâm Học liệu Trường Đại học Cần Thơ
LEADER 00643nam a2200193Ia 4500
001 CTU_74351
008 210402s9999 xx 000 0 und d
020 |c 25000 
082 |a 006.68 
082 |b Nh556 
245 0 |a Những thủ thuật xử lý ảnh Adobe Photoshop CS version 8.0 
245 0 |c Nguyễn Tấn Minh biên soạn 
260 |a Thành phố Hồ Chí Minh 
260 |b Thanh niên 
260 |c 2004 
650 |a Photoshop (computer programs),Photography,Computer graphics 
650 |x Processing,Computer programs 
904 |i Tuyến 
980 |a Trung tâm Học liệu Trường Đại học Cần Thơ